A Plataforma Consumidor.Gov. Em Juízo: Um aporte empírico e uma proposta de ressignificação do acceso à justiça.
Furkejuvvon:
| Váldodahkki: | |
|---|---|
| Eará dahkkit: | |
| Materiálatiipa: | Girji |
| Almmustuhtton: |
Rio de Janeiro, Brasil:
Editora Processo,
2024.
|
| Fáttát: | |
| Fáddágilkorat: |
Lasit fáddágilkoriid
Eai fáddágilkorat, Lasit vuosttaš fáddágilkora!
|
MARC
| LEADER | 00000nam a22000007a 4500 | ||
|---|---|---|---|
| 003 | CL-VaPUC | ||
| 005 | 20241118160106.0 | ||
| 008 | 241106t2024 ||||| |||| 00| 0 eng d | ||
| 999 | |c 445486 |d 445484 | ||
| 020 | |a 978655378150-4 | ||
| 040 | |c Pontificia Universidad Católica de Valparaíso | ||
| 082 | |a 343.07181 FER 2024 | ||
| 100 | 1 | |a Lopes Fernandes, José Roberto |e autor |9 893300 | |
| 245 | |a A Plataforma Consumidor.Gov. Em Juízo: |b Um aporte empírico e uma proposta de ressignificação do acceso à justiça. | ||
| 260 | |a Rio de Janeiro, Brasil: |b Editora Processo, |c 2024. | ||
| 300 | |a 303 páginas. | ||
| 500 | |a c.1 Donación autor y profesor Manuel Núñez. Memo DER 25-10-2024 Con dedicatoria del autor. | ||
| 583 | |c 20241106 |k Catalogador Asistente | ||
| 650 | 0 | |9 367388 |a Derechos del consumidor |x Resolución de conflictos |z Brasil | |
| 650 | 0 | |9 893379 |a Acceso a la justicia |z Brasil | |
| 700 | |a Fachin, Luís Edson |e prefácio |9 893301 | ||
| 942 | |2 ddc |c BK | ||
| 952 | |0 0 |1 0 |2 ddc |4 0 |6 343_071810000000000_FER_2024 |7 0 |8 A |9 597805 |a BIBDER |b BIBDER |d 2024-11-06 |e Donación |i 5663130 |o 343.07181 FER 2024 |p 5663130 |r 2024-11-06 |t 1 |w 2024-11-06 |y BK |k DER | ||